| 000 | 00577nam a22001817a 4500 | ||
|---|---|---|---|
| 005 | 20251108164837.0 | ||
| 008 | 250721s1986 xx 000 0 ara d | ||
| 082 | 1 | 4 | _a616.6/محم |
| 100 | 1 | _aرفعت، محمد | |
| 245 | 1 | 0 |
_aالعقم عند النساء و الرجال : _bأسبابه و طرق علاجه / |
| 264 | 1 |
_aبيروت : _bدار و مكتبة الهلال، _c1986. |
|
| 300 | _a191ص | ||
| 650 | 1 | 7 | _aالعقم |
| 650 | 1 | 7 | _aالجهاز التناسلي |
| 650 | 1 | 7 | _aأمراض الجهاز التناسلي |
| 942 |
_2ddc _cBK |
||
| 999 |
_c15677 _d15677 |
||